Jirásek : infekce /

Hlavní autor: Jirásek, Václav, 1965-
Další autoři: Nanoru, Michal, 1978-
Jazyk: Čeština
Vydáno: V Praze : Vysoká škola uměleckoprůmyslová, 2021
Vydání: První české vydání
Témata:
Fyzický popis: 8 nečíslovaných dvoulistů : barevné ilustrace ; 68 cm + 1 list přílohy
Knihy
Uloženo v:
LEADER 01913nam a2200541 i 4500
001 nkc20203276929
003 CZ PrNK
005 20220721123923.0
007 ta
008 201218s2021 xr a e 000 0 cze
020 |a 978-80-88308-27-0  |q (volné dvoulisty v obalu) 
040 |a BOA001  |b cze  |e rda 
043 |a e-xr--- 
045 |a y0y0 
072 7 |a 77  |x Fotografie. Fotografické postupy  |2 Konspekt  |9 21 
080 |a 77.04  |2 MRF 
080 |a 616-022.6/.7  |2 MRF 
080 |a 7.04  |2 MRF 
080 |a (437.3)  |2 MRF 
080 |a (084.12)  |2 MRF 
100 1 |a Jirásek, Václav,  |d 1965-  |7 jn20020221010  |4 art 
245 1 0 |a Jirásek :  |b infekce /  |c redakce a text: Michal Nanoru 
246 1 |i Název v tiráži:  |a Václav Jirásek - Infekce 
246 3 0 |a Infekce 
250 |a První české vydání 
264 1 |a V Praze :  |b Vysoká škola uměleckoprůmyslová,  |c 2021 
300 |a 8 nečíslovaných dvoulistů :  |b barevné ilustrace ;  |c 68 cm +  |e 1 list přílohy 
336 |a text  |b txt  |2 rdacontent 
336 |a statický obraz  |b sti  |2 rdacontent 
337 |a bez média  |b n  |2 rdamedia 
338 |a list  |b nb  |2 rdacarrier 
500 |a Uloženo v igelitovém obalu 
500 |a Popisné údaje z igelitového obalu 
500 |a 210 výtisků 
600 1 7 |a Jirásek, Václav,  |d 1965-  |7 jn20020221010  |2 czenas 
648 4 |a 2001-2004 
648 7 |a 21. století  |7 ch460559  |2 czenas 
650 0 7 |a umělecká fotografie  |7 ph126879  |z Česko  |y 21. století  |2 czenas 
650 0 7 |a infekce  |7 ph134832  |2 czenas 
650 0 7 |a umělecké náměty  |7 ph138227  |2 czenas 
655 7 |a fotografické publikace  |7 fd132276  |2 czenas 
700 1 |a Nanoru, Michal,  |d 1978-  |7 js20061215006  |4 wfw  |4 edt 
910 2 |a BOA001  |b 7-1475.070 
928 9 |a UMPRUM 
990 |a BK 
995 |a 61 
991 |b 202110  |c NOV 
996 6 |b 2610881260  |c 7-1475.070  |l MZK  |r DEP / do 15 dnů  |n 1  |p p.v.  |w 001865250  |u 000010  |a 240  |e BOA001  |j MZK50  |s P